000 00890nam a2200265 i 4500
001 178442
003 ES-MaACL
005 20230906220533.0
008 110527s1944 it f |||| |dita d
080 _a75.034(450)
080 _a75.034(450.34 V.)
100 1 _aPallucchini, Rodolfo.
_988603
245 1 3 _aLa pittura veneziana del cinquecento /
_cRodolfo Pallucchini.
260 _aNovara :
_bIstituto geografico De Agostini,
_c[1944]
300 _a2 v. (con 236 p. de lám.) ;
_c25 cm.
490 1 _aStoria della pittura italiana ;
_v5
500 _aÍndices.
546 _aTexto en italiano.
650 4 _aPintura renacentista-
_zItalia.
_916077
650 4 _aPintura-
_zVenecia.
_9161962
710 2 _aIstituto geografico De Agostini.
_9173295
830 0 _aStoria della pittura italiana ;
_v5
_9190974
852 _aES-MaACL
_jE-15208-09
_xOlim P-940
999 _c178442
_d178442